Nommez cette oiseau - Statistiques

Statistiques générales
  • Ce quiz a été pris 47 fois
  • Le résultat moyen est 19 sur 28
Statistiques - réponses
Par images Réponse % Correct
Corbeau
98%
Poule
98%
Cygne
95%
Mouette
95%
Paon
95%
Pigeon
95%
Autruche
91%
Ara
89%
Émeu
89%
Manchot
89%
Canard
86%
Cigogne
86%
Oie
86%
Pelican
84%
Flamant Rose
82%
Dinde
80%
Cacatoès
64%
Ibis
61%
Condor
52%
Pintade
48%
Casoar
43%
Mésange
43%
Bernache
30%
Cardinal
30%
Grue royale
25%
Geai bleu
20%
Grue du Canada
0%
Loriot
0%
Aucun quiz correspondant
Distribution des résultats
% des personnes avec chaque résultat
Percentile par nombre de réponses
Votre historique - résultats
Vous n’avez pas pris ce quiz